00338nam a2200133 a 45000010010000000030011000100080041000210350026000620820014000881000021001022450035001232600033001586500013001910000-8748ELIB.Books110520 1986  a(ELIB.Books)0000-8894 a230 bSon aSong, Choan-Seng aTheology from the Womb of Asia bNew York: Orbis Books c1986 aTheology